000 00390nam a22001577a 4500
003 OSt
005 20240305113423.0
007 193 pages
008 240305b |||||||| |||| 00| 0 eng d
020 _a9781119836018
040 _c
082 _a658.15/HAR
_bHAR
245 _aDeFi and the future of Finance
_cHarvey, Campbell R
260 _bWiley
_c2021
942 _2ddc
_cBK
_k658.15
_mHAR
_n0
999 _c36047
_d36047